Leader xxxxxxxxxx
001 __ PCLIS00055768
005 __ 20220225153610.0
010 0_ |a978-986-388-061-5|b平裝|dNT$500
042 __ |anbic
100 __ |a20171116d2017 m y0chiy09 e
101 0_ |achi
102 __ |atw
105 __ |ay z 000zy
200 1_ |a水滸人物解碼|f青燈下的古佛著
205 __ |a初版
210 __ |a臺北市|c龍圖騰文化出版|a新北市土城區|c創智文化總經銷|d2017.06[民106]
215 0_ |a463面|d21公分
225 1_ |a悅讀新詮系列|vGHC11
605 __ |2cst|a水滸傳
606 __ |2cst|a研究考訂
681 __ |a857.46|b8433
700 _0 |a青燈下的古佛|4著
770 _1 |a李|b俊杰|4著
801 _0 |atw|bKLCC
801 _1 |atw|b內湖高中|c20220129|gCCR
801 _2 |atw|b內湖高中|c20220129|gCCR
|